00408nam a22001337a 4500082003100000100001500031245004500046250001200091260005700103300003200160526003700192526003700229650000800266 a624.15136bPROcL-16, P-31 aA. S. T. M aProcedures for testing soilscA. S. T. M a4th ed. aUSAbAmerican society for testing ans materialc1964 aviii, 540 p.bill.c24 cm.. a0b0c0d624_151360000000000_PRO a0b0c0d624_151360000000000_PRO aMCE